Property advice for business occupiers (Record no. 102127)

MARC details
000 -LEADER
fixed length control field 01596cam a2200253 4500
001 - CONTROL NUMBER
control field J118308
008 - FIXED-LENGTH DATA ELEMENTS--GENERAL INFORMATION
fixed length control field 020131n2002 000 0 eng u
022 ## - INTERNATIONAL STANDARD SERIAL NUMBER
International Standard Serial Number 1354-506X
035 ## - SYSTEM CONTROL NUMBER
System control number (Sirsi) u118308
050 ## - LIBRARY OF CONGRESS CALL NUMBER
Classification number 333.337
-- 18
100 ## - MAIN ENTRY--PERSONAL NAME
Personal name Wyatt, Peter
245 ## - TITLE STATEMENT
Title Property advice for business occupiers
Remainder of title from asset valuation to business property appraisal
260 ## - PUBLICATION, DISTRIBUTION, ETC.
Place of publication, distribution, etc. London
Name of publisher, distributor, etc. RICS Foundation
Date of publication, distribution, etc. 2002
490 ## - SERIES STATEMENT
Series statement RICS Foundation Research Papers
Volume/sequential designation 4(4)
520 ## - SUMMARY, ETC.
Summary, etc. Research suggesting that valuers need to convince clients that they are not overly technical in their outlook and have broad business skills that include strategic thinking and an awareness of business issues. In a consultancy role valuers can provide strategic advice over the long-term in the form of worth appraisals and performance measurement based on value rather than cost. This will provide valuers with a more central role in operational and strategic property decision-making by businesses.
520 ## - SUMMARY, ETC.
Summary, etc. Available to download, by subscription or one-off payment, at www.rics-foundation.org. RICS members may also view the research via the public access terminals in the RICS Library - please ask Library Staff for details.
650 ## - SUBJECT ADDED ENTRY--TOPICAL TERM
Topical term or geographic name entry element BUSINESS ASSETS
650 ## - SUBJECT ADDED ENTRY--TOPICAL TERM
Topical term or geographic name entry element CORPORATE OCCUPIERS
650 ## - SUBJECT ADDED ENTRY--TOPICAL TERM
Topical term or geographic name entry element SPACE UTILISATION
690 ## - LOCAL SUBJECT ADDED ENTRY--TOPICAL TERM (OCLC, RLIN)
Topical term or geographic name as entry element PROPERTY MANAGEMENT-CORPORATE REAL ESTATE
710 ## - ADDED ENTRY--CORPORATE NAME
Corporate name or jurisdiction name as entry element Royal Institution of Chartered Surveyors
Subordinate unit Foundation
9 (RLIN) 4173
856 ## - ELECTRONIC LOCATION AND ACCESS
Uniform Resource Identifier <a href="https://www.rics.org/site/scripts/download_info.aspx?downloadID=1534">https://www.rics.org/site/scripts/download_info.aspx?downloadID=1534</a>
Hours access method available View the research on the RICS Foundation website...
942 ## - ADDED ENTRY ELEMENTS (KOHA)
Suppress in OPAC 0
Holdings
Withdrawn status Lost status Source of classification or shelving scheme Damaged status Not for loan Home library Current library Shelving location Date acquired Total Checkouts Full call number Barcode Date last seen Copy number Price effective from Koha item type
    Dewey Decimal Classification     Virtual Virtual Online 30/06/2003   ONLINE PUBLICATION 118308-2001 06/08/2019 1 06/08/2019 Book